Príprava trénerov dospelých pôsobiacich v oblasti neformálneho vzdelávania manuál pre slovenských účastníkov projektu

Bibliographic Details
Main Authors: Černá, Ľubica, 1967- (Author), Sotáková, Kristína PaedDr. PhD (Author), Strečková, Anastázia (Author)
Format: Software Book
Language:Slovak
PhysicalDescription:1 elektronický optický disk (CD-ROM) fotogr., ilustr., sch., tab. 12 cm
Published: Trnava Nezávislé kresťanské odbory Slovenska, NKOS 2009
ISBN:9788097026493
Subjects:

MARC

LEADER 00000cam a2200000 a 4500
001 vtls010025774
003 SK-MaSNL
005 20260301083344.0
007 co bg auuua
008 240314s2009 xo ola f pf 000 0 slo
015 |a SNBS2012/02-00474 
020 |a 9788097026493  |q (elektronická kniha) 
040 |a SNK  |b slo  |c SNK  |e AACR2 
041 1 |a slo  |b eng 
044 |a xo  |c SK 
072 7 |a 374  |x Výchova a vzdelávanie dospelých. Mimoškolská výchova a vzdelávanie  |2 konspekt 
080 |a 374.7  |2 2001 
080 |a 374  |2 2001 
080 |a 37.0-022.324  |2 2001 
080 |a 061.2  |2 2001 
080 |a (035)  |2 2001 
080 |a (0.034.44)  |2 2001 
100 1 |a Černá, Ľubica,  |d 1967-  |4 aut  |9 11015 
245 1 0 |a Príprava trénerov dospelých pôsobiacich v oblasti neformálneho vzdelávania  |h elektronický zdroj  |b manuál pre slovenských účastníkov projektu  |c Ľubica Černá a kol. 
260 |a Trnava  |b Nezávislé kresťanské odbory Slovenska, NKOS  |c 2009 
300 |a 1 elektronický optický disk (CD-ROM)  |b fotogr., ilustr., sch., tab.  |c 12 cm 
500 |a Názov z titulnej obrazovky 
516 |a Textový dokument (príručka), 1 súbor vo formáte pdf 
536 |a Projekt Lifelong Learning Programme číslo 134709-LLP-1-2007-1-BG-GRUNDTVIG-GMP 
538 |a Technické požiadavky: PDF prehliadač 
546 |a Res. ang. 
650 0 7 |a vzdelávanie dospelých  |2 SNKPH  |9 4999 
650 0 7 |a neformálne vzdelávanie  |2 SNKPH  |9 71313 
650 0 7 |a celoživotné vzdelávanie  |2 SNKPH  |9 28858 
650 0 7 |a mimovládne organizácie  |2 SNKPH  |9 194400 
650 0 7 |a Adult learning  |2 SNKPHeng  |9 268409 
650 0 7 |a Non-formal education  |2 SNKPHeng  |9 338033 
650 0 7 |a Permanent education  |2 SNKPHeng  |9 270154 
650 0 7 |a Nongovernmental institutions and organizations  |2 SNKPHeng  |9 266728 
655 7 |a elektronické zdroje  |2 SNKPH  |9 90954 
655 7 |a CD-ROM  |2 SNKPH  |9 70236 
655 7 |a príručky  |2 SNKPH  |9 74364 
655 7 |a Electronic resources  |2 SNKPHeng  |9 175546 
655 7 |a Handbooks, manuals, etc.  |2 SNKPHeng  |9 90964 
700 1 |a Sotáková, Kristína  |c PaedDr. PhD.  |4 aut  |9 410097 
700 1 |a Strečková, Anastázia  |4 aut  |9 326208 
919 |a 978-80-970264-9-3 
999 |c 660334  |d 662264 
952 |a SNK  |b SNK  |y PREZ  |7 0  |p 17A0646887  |o snkSCDM 2608  |i snk2010/4265  |8 0  |0 0  |1 0  |4 0  |d 2010-03-03  |l 0  |r 2026-02-23 18:51:39  |w 2026-02-23 
952 |t snkPRI 374.7  |a SNKMST  |b SNKMST  |y PREZ  |7 0  |p 17A0646888  |o snkSCDM 2608 D1  |i snk2010/4266  |8 0  |0 0  |1 0  |4 0  |d 2010-03-03  |l 0  |r 2025-08-11 00:00:00  |w 2026-02-23